[Event "Sparkassen Open A 2013"]
[Site "Dortmund GER"]
[Date "2013.07.30"]
[Round "4.9"]
[White "Scheider, Julian"]
[Black "Garbuszus, Juergen"]
[Result "1-0"]
[WhiteElo "2305"]
[BlackElo "2071"]
[WhiteFideId "24601284"]
[BlackFideId "24600768"]
[EventDate "2013.07.27"]

1. e4 c5 2. Nf3 Nc6 3. d4 cxd4 4. Nxd4 Nf6 5. Nc3 e5 6. Ndb5 d6 7. Bg5 a6 8. Na3
b5 9. Nd5 Be7 10. Bxf6 Bxf6 11. c4 b4 12. Nc2 O-O 13. h4 a5 14. g3 Rb8 15. b3 g6
16. Qd3 Bg7 17. Nde3 Nd4 18. Nxd4 exd4 19. Nd5 f5 20. Bg2 fxe4 21. Bxe4 Bf5 22.
O-O Bxe4 23. Qxe4 Qd7 24. Kg2 Rbe8 25. Qd3 Qg4 26. Rae1 Re5 27. Ne7+ Kh8 28. Nc6
Rc5 29. Re4 Qd7 30. Nxd4 Qb7 31. Kh1 d5 32. cxd5 Qxd5 33. Rd1 Rd8 34. Qe2 Qd7
35. Re7 Qc8 36. Rd2 Rcd5 37. Nf3 Rxd2 38. Nxd2 Qc1+ 39. Kh2 h6 40. Nf3 Qb2 41.
Qxb2 Bxb2 42. Kg2 Rd5 43. Ra7 Kg8 44. Kf1 g5 45. hxg5 hxg5 46. Ke2 g4 47. Nh2
Rg5 48. Rc7 Bc3 49. Rc4 Re5+ 50. Kd3 Rd5+ 51. Ke3 Rd2 52. a3 Rb2 53. axb4 axb4
54. Nxg4 Rxb3 55. Ke4 Rb1 56. Kf5 Rd1 57. Rc8+ Kg7 58. Rc7+ Kf8 59. Rb7 Rd3 60.
Ne3 Be1 1-0

[Event "Sparkassen Open A 2013"]
[Site "Dortmund GER"]
[Date "2013.07.30"]
[Round "4.11"]
[White "Kuckling, Hannah"]
[Black "Michalczak, Thomas"]
[Result "0-1"]
[BlackTitle "FM"]
[WhiteElo "1953"]
[BlackElo "2299"]
[WhiteFideId "24603660"]
[BlackFideId "4622634"]
[EventDate "2013.07.27"]

1. e4 e5 2. Nf3 Nc6 3. Bb5 a6 4. Ba4 Nf6 5. O-O Be7 6. Re1 b5 7. Bb3 d6 8. c3
O-O 9. d4 Bg4 10. Be3 exd4 11. cxd4 Na5 12. Bc2 c5 13. Nc3 Nc4 14. b3 Nxe3 15.
fxe3 Rc8 16. Qd2 Bxf3 17. gxf3 cxd4 18. exd4 Qc7 19. Nd5 Nxd5 20. exd5 Bf6 21.
Rac1 Qb6 22. Re4 Rfe8 23. Rd1 Rxe4 24. fxe4 Qxd4+ 25. Qxd4 Bxd4+ 26. Rxd4 Rxc2
27. a4 g5 28. axb5 axb5 29. e5 dxe5 30. d6 Rc8 31. Rd5 f6 32. Rxb5 Rd8 33. Rb6
h5 34. Kf2 Kf7 35. Ke3 Ke6 36. d7+ Ke7 37. Ke4 Rxd7 38. Kf5 Rd6 39. Rb7+ Kf8 40.
b4 h4 41. Ra7 Rb6 42. b5 Rd6 43. Ra6 Ke7 44. b6 Rd2 45. Ra7+ Kd6 46. Kxf6 g4 47.
Rg7 Rxh2 48. Rxg4 Rf2+ 49. Kg5 h3 50. Rh4 h2 51. Rh7 Kd5 52. b7 Rb2 53. Rxh2
Rxb7 54. Kg4 Rb4+ 55. Kf3 Rb3+ 56. Kg4 Kd4 57. Ra2 Ke3 58. Kf5 e4 59. Kg4 Rd3
60. Kg3 Rd8 61. Ra3+ Rd3 62. Ra2 Rc3 63. Kg2 Kd3 64. Kf2 Rb3 65. Ra8 Rb2+ 66.
Ke1 Rb1+ 67. Kf2 e3+ 68. Kg3 e2 69. Rd8+ Kc4 70. Rc8+ Kd5 0-1

[Event "Sparkassen Open A 2013"]
[Site "Dortmund GER"]
[Date "2013.07.30"]
[Round "4.12"]
[White "Eckardt, Joshua"]
[Black "Heck, Norbert"]
[Result "0-1"]
[BlackTitle "FM"]
[WhiteElo "2023"]
[BlackElo "2280"]
[WhiteFideId "12941646"]
[BlackFideId "4622928"]
[EventDate "2013.07.27"]

1. d4 g6 2. c4 Bg7 3. e4 d6 4. Nc3 e5 5. Nf3 Nc6 6. Be3 Bg4 7. dxe5 dxe5 8. Be2
Bxf3 9. gxf3 Nd4 10. f4 c6 11. Qd2 exf4 12. Bxf4 Ne7 13. h4 Qa5 14. Rb1 Rd8 15.
Qc1 O-O 16. h5 Nxe2 17. Kxe2 Qc5 18. Na4 Qd4 19. Qc2 b5 20. Be3 Qd7 21. Nc5 Qg4+
22. Kf1 Qf3 23. Rh4 Bd4 24. Qe2 Qf6 25. Rf4 Qe5 26. Nd3 Qe6 27. Nc5 Qh3+ 28. Kg1
Bxe3 29. Qxe3 Qxh5 30. Rf3 Qg4+ 31. Rg3 Qh5 32. Kg2 Qe5 33. b4 bxc4 34. Rc1 Rd4
35. Rg5 Qg7 36. a3 Rfd8 37. Rg3 Nc8 38. Qg5 Re8 39. Rgc3 Nd6 40. f3 f5 41. exf5
Nxf5 42. Ne4 Qe7 43. Qxe7 Rxe7 44. Kf2 Nh4 45. Rxc4 Nxf3 46. Kxf3 Rexe4 47. Rxc6
Re7 48. Ra6 Kg7 49. Rc5 Rd1 50. Rca5 Rf1+ 51. Kg2 Rff7 52. Rc5 Rf6 53. Raa5 h5
54. Rc3 Kh6 55. Rc8 Rd6 56. Rh8+ Kg7 57. Ra8 Rdd7 58. Rc8 Rd3 59. Kf2 h4 60. Rc4
Rd2+ 61. Kf1 h3 62. Rh4 h2 63. Rc5 Rf7+ 64. Ke1 Ra2 65. Rc1 Rg2 0-1

[Event "Sparkassen Open A 2013"]
[Site "Dortmund GER"]
[Date "2013.07.30"]
[Round "4.14"]
[White "Zolfagharian, Kevin"]
[Black "Schoder, Volker"]
[Result "0-1"]
[WhiteElo "2010"]
[BlackElo "2095"]
[WhiteFideId "12933570"]
[BlackFideId "24602213"]
[EventDate "2013.07.27"]

1. e4 e5 2. Nf3 Nc6 3. Bc4 Bc5 4. c3 Nf6 5. d4 exd4 6. e5 d5 7. Bb5 Ne4 8. cxd4
Bb4+ 9. Bd2 Bxd2+ 10. Nbxd2 Nxd2 11. Qxd2 Bd7 12. Bxc6 Bxc6 13. O-O O-O 14. Rfe1
Bd7 15. Qf4 Rc8 16. Rac1 Qe7 17. Qe3 b6 18. Qb3 c6 19. Rc3 Rc7 20. Rec1 Rfc8 21.
a3 Be6 22. Qc2 c5 23. b4 c4 24. Qd2 Bd7 25. Ng5 h6 26. Nh3 Bxh3 27. Rxh3 Qg5 28.
f4 Qf5 29. Rcc3 a5 30. b5 Qb1+ 31. Kf2 Qxb5 32. f5 Qb1 33. f6 Qf5+ 34. Kg1 Qb1+
35. Rc1 c3 36. Rxc3 Qxc1+ 37. Qxc1 Rxc3 38. Qf4 Rc1+ 39. Kf2 R1c2+ 40. Kg3 R8c3+ 0-1

[Event "Sparkassen Open A 2013"]
[Site "Dortmund GER"]
[Date "2013.07.30"]
[Round "4.16"]
[White "Kartsev, Alexandr"]
[Black "Vogt, Marc Jonas"]
[Result "1-0"]
[WhiteElo "2247"]
[BlackElo "1893"]
[WhiteFideId "24647110"]
[BlackFideId "24695661"]
[EventDate "2013.07.27"]

1. e4 e6 2. d4 d5 3. e5 c5 4. c3 Nc6 5. Nf3 Qb6 6. a3 Bd7 7. b4 cxd4 8. cxd4 Rc8
9. Bb2 Nh6 10. Nc3 Na5 11. Na4 Qc6 12. Nc5 Nc4 13. Bxc4 dxc4 14. Qe2 Nf5 15. O-O
h5 16. Rfe1 h4 17. d5 exd5 18. e6 fxe6 19. Ne5 Qd6 20. Nexd7 Rxc5 21. Nxc5 1-0

[Event "Sparkassen Open A 2013"]
[Site "Dortmund GER"]
[Date "2013.07.30"]
[Round "4.17"]
[White "Bausch, Thomas"]
[Black "Ciornei, Dragos"]
[Result "1/2-1/2"]
[WhiteElo "1969"]
[BlackElo "2205"]
[WhiteFideId "24611115"]
[BlackFideId "4619200"]
[EventDate "2013.07.27"]

1. e4 e5 2. Nf3 Nc6 3. Bb5 a6 4. Ba4 Nf6 5. O-O b5 6. Bb3 Bc5 7. c3 d6 8. d4 Bb6
9. a4 Rb8 10. a5 Ba7 11. h3 O-O 12. Be3 exd4 13. Nxd4 Nxd4 14. Bxd4 Bxd4 15.
Qxd4 c5 16. Qe3 Re8 17. f3 Qe7 18. Qd2 Bb7 19. Bd5 Bxd5 20. exd5 Qe3+ 21. Qxe3
Rxe3 22. Nd2 Nxd5 23. Ne4 Re2 24. Rfd1 Ne3 25. Rxd6 1/2-1/2

[Event "Sparkassen Open A 2013"]
[Site "Dortmund GER"]
[Date "2013.07.30"]
[Round "4.18"]
[White "Imcke, Patrick"]
[Black "Agrest, Inna"]
[Result "1-0"]
[BlackTitle "WIM"]
[WhiteElo "1962"]
[BlackElo "2193"]
[WhiteFideId "4622502"]
[BlackFideId "1708830"]
[EventDate "2013.07.27"]

1. e4 e5 2. Nf3 Nc6 3. Bc4 Nf6 4. Ng5 d5 5. exd5 Na5 6. Bb5+ c6 7. dxc6 bxc6 8.
Bd3 Nd5 9. Ne4 Nf4 10. Bf1 f5 11. Ng3 Qd5 12. Qf3 Qxf3 13. gxf3 Ng6 14. h4 h5
15. Bd3 e4 16. fxe4 f4 17. Nf5 Ne5 18. Be2 g6 19. Nd4 Bc5 20. Nf3 Nxf3+ 21. Bxf3
Nc4 22. Be2 Ne5 23. f3 Bg4 24. fxg4 f3 25. g5 fxe2 26. b4 Nf3+ 27. Kxe2 Ng1+ 28.
Kd1 O-O 29. c3 Bf2 30. d4 Nf3 31. Nd2 Nxh4 32. Ke2 Bg3 33. Rf1 Ng2 34. Nf3 h4
35. Be3 h3 36. Rh1 h2 37. Nxh2 Nxe3 38. Kxe3 Bf4+ 39. Kd3 Bxg5 40. Rag1 Bf4 41.
Rxg6+ Kf7 42. Rg4 Ke7 43. Nf3 a5 44. a3 axb4 45. axb4 Rf7 46. Rg6 Kd7 47. Rhg1
Raf8 48. Rg7 Bb8 49. Nd2 Ke7 50. Rxf7+ Rxf7 51. Rg5 Kd7 52. Nb3 Rf3+ 53. Kc4 Bg3
54. Nc5+ Kc7 55. Rg7+ Kc8 56. e5 Re3 57. Rg8+ Kc7 58. Re8 Be1 59. Na4 Bg3 60.
Re7+ Kd8 61. Re6 Kd7 62. Rd6+ Kc7 63. Kc5 1-0

[Event "Sparkassen Open A 2013"]
[Site "Dortmund GER"]
[Date "2013.07.30"]
[Round "4.19"]
[White "Zweschper, Erich"]
[Black "Giraud, Valerian"]
[Result "1/2-1/2"]
[WhiteElo "2116"]
[BlackElo "1955"]
[WhiteFideId "4643119"]
[BlackFideId "12920355"]
[EventDate "2013.07.27"]

1. d4 Nf6 2. Nf3 g6 3. c4 Bg7 4. Nc3 O-O 5. e4 d6 6. h3 c5 7. Be3 Qa5 8. Qd2
cxd4 9. Nxd4 Nc6 10. Be2 Nxd4 11. Bxd4 Be6 12. f3 Rac8 13. b3 a6 14. Rd1 Nd7 15.
Bxg7 Kxg7 16. Nd5 Qxd2+ 17. Rxd2 Bxd5 18. Rxd5 Rc5 19. Rd2 Rfc8 20. Kf2 Nf6 21.
Rb1 R5c7 1/2-1/2

[Event "Sparkassen Open A 2013"]
[Site "Dortmund GER"]
[Date "2013.07.30"]
[Round "4.20"]
[White "Hecht, Carsten"]
[Black "Niekrens, Stefan"]
[Result "0-1"]
[WhiteElo "2087"]
[BlackElo "1952"]
[WhiteFideId "24693928"]
[BlackFideId "24635383"]
[EventDate "2013.07.27"]

1. e4 d5 2. exd5 Nf6 3. d4 Nxd5 4. Nf3 g6 5. Be2 Bg7 6. O-O O-O 7. c4 Nb6 8. Nc3
Nc6 9. Be3 Bg4 10. d5 Bxf3 11. Bxf3 Ne5 12. c5 Nbc4 13. Be2 Nxe3 14. fxe3 c6 15.
dxc6 bxc6 16. Qc2 Qa5 17. Ne4 Bh6 18. Rf4 Bxf4 19. exf4 Nd7 20. a3 Nf6 21. Nxf6+
exf6 22. b4 Qc7 23. g3 Qe7 24. Bf3 Qe3+ 25. Qf2 Qxf2+ 26. Kxf2 Rac8 27. Rd1 Rc7
28. Rd6 Rfc8 29. Ke3 f5 30. Kd4 Kf8 31. Kc3 Ke7 32. Bg2 f6 33. Bh1 g5 34. Bf3
gxf4 35. gxf4 h6 36. Kc2 h5 37. Kc3 h4 38. Rd1 Rg8 39. Re1+ Kf7 40. Kc4 Rd8 41.
Kc3 Rcd7 42. Be2 Re7 43. Bc4+ Kf8 44. Rxe7 Kxe7 45. Bb3 Kd7 46. Bc2 Kc7 47. a4
Re8 48. Bxf5 Re2 49. h3 Rf2 50. Bg4 Rxf4 51. Be2 a5 0-1

[Event "Sparkassen Open A 2013"]
[Site "Dortmund GER"]
[Date "2013.07.30"]
[Round "4.24"]
[White "Zimmermann, Dirk"]
[Black "Meyes, Richard"]
[Result "1/2-1/2"]
[WhiteElo "2050"]
[BlackElo "1808"]
[WhiteFideId "4677498"]
[BlackFideId "12932833"]
[EventDate "2013.07.27"]

1. d4 Nf6 2. c4 g6 3. Nc3 Bg7 4. e4 d6 5. f3 O-O 6. Be3 c5 7. dxc5 dxc5 8. Qxd8
Rxd8 9. Bxc5 Nc6 10. Rd1 Rxd1+ 11. Nxd1 b6 12. Be3 Nb4 13. Nc3 Nc2+ 14. Kf2 Nxe3
15. Kxe3 Nd7 16. f4 e6 17. Nf3 Nc5 18. e5 f6 19. Be2 Nd7 20. Rd1 fxe5 21. fxe5
Nxe5 22. Rd8+ Kf7 23. Nb5 Ke7 24. Rg8 Bh6+ 25. Kf2 Ng4+ 26. Kg3 Nf6 27. Nc7 Nxg8
28. Nxa8 Kd8 29. Nd4 Bb7 30. Nxe6+ Kd7 31. Nac7 Bc1 32. b4 Ba3 33. Nb5 Bxb4 34.
Bg4 a6 35. Nc5+ Kc6 36. Nxb7 axb5 37. Nd8+ Kc5 38. cxb5 1/2-1/2

[Event "Sparkassen Open A 2013"]
[Site "Dortmund GER"]
[Date "2013.07.30"]
[Round "4.25"]
[White "Herzum, Peter"]
[Black "Hellwig, Thomas"]
[Result "1/2-1/2"]
[WhiteElo "1882"]
[BlackElo "2046"]
[WhiteFideId "12919217"]
[BlackFideId "24646547"]
[EventDate "2013.07.27"]

1. e4 c5 2. Nf3 d6 3. d4 cxd4 4. Nxd4 Nf6 5. Nc3 g6 6. Be3 Bg7 7. f3 O-O 8. Qd2
Nc6 9. Bc4 Bd7 10. O-O-O Rc8 11. Bb3 Ne5 12. h4 h5 13. Bh6 Bxh6 14. Qxh6 Rxc3
15. bxc3 Qa5 16. Kb2 Rc8 17. Qe3 b5 18. a3 Qb6 19. Qd2 a5 20. Rhe1 Nc4+ 21. Bxc4
Rxc4 22. Nb3 Be6 23. Qe3 Qc7 24. Rd4 b4 25. axb4 axb4 26. Rxc4 Qxc4 27. Qd4
bxc3+ 28. Qxc3 Qb5 29. Ra1 Qb7 30. Qa5 Kg7 31. Qc3 Kh7 32. Ra4 Nd7 33. Qb4 Nb6
34. Kb1 Qc7 35. Ra6 Nd7 36. Nd4 Nc5 37. Rc6 Qa7 38. Nxe6 Nxe6 39. Qb6 Qa4 40.
Rc8 Qa3 41. Qb2 Qxb2+ 42. Kxb2 Kg7 43. Kc3 Nf4 44. g3 Ne2+ 45. Kd3 Nxg3 46. Rc4
Kf6 47. Ke3 g5 48. hxg5+ Kxg5 49. Rc8 h4 50. Rg8+ Kh5 51. Rh8+ Kg5 52. f4+ Kg4
53. Rg8+ Kh3 54. Kf3 f5 55. e5 Kh2 56. Rg7 dxe5 57. fxe5 e6 58. c4 Ne4 59. Rg2+
Kh1 60. Rc2 Nc5 61. Kf2 Nd3+ 62. Ke3 Nxe5 63. c5 Nc6 64. Rc4 h3 65. Kf2 Kh2 66.
Rc2 e5 67. Kf3+ Kg1 68. Kg3 f4+ 69. Kxh3 f3 70. Kg3 Kf1 71. Kxf3 Nd4+ 72. Ke4
Nxc2 73. c6 Nd4 74. c7 Nb5 1/2-1/2

[Event "Sparkassen Open A 2013"]
[Site "Dortmund GER"]
[Date "2013.07.30"]
[Round "4.29"]
[White "Werrn, Pascal"]
[Black "Steinle, Carsten"]
[Result "0-1"]
[WhiteElo "1970"]
[BlackElo "2229"]
[WhiteFideId "4670035"]
[BlackFideId "24676462"]
[EventDate "2013.07.27"]

1. e4 e6 2. d4 b6 3. Nf3 Bb7 4. Bd3 c5 5. O-O cxd4 6. Nxd4 Nc6 7. Nb3 Rc8 8. Qe2
Nb4 9. Nc3 Nxd3 10. cxd3 Nf6 11. Bd2 Be7 12. Kh1 d6 13. f4 Qc7 14. Rae1 h5 15.
Nd4 h4 16. Nd5 Nxd5 17. exd5 Bxd5 18. h3 Bf6 19. Nb5 Qd7 20. Nc3 Bb7 21. f5 e5
22. Ne4 Rc2 23. Rb1 Bxe4 24. dxe4 Bg5 25. Rfd1 O-O 26. Qd3 Rxd2 27. Rxd2 Bxd2
28. Qxd2 Qa4 29. Qd5 Qc2 30. Rd1 Rd8 31. f6 gxf6 32. Rd2 Qc1+ 33. Kh2 Qe1 34.
Rd3 Rc8 35. Rc3 Rxc3 36. bxc3 Qg3+ 37. Kh1 Qe1+ 38. Kh2 Kg7 39. c4 Qb4 40. Qd3
Qe1 41. Qc2 Qg3+ 42. Kh1 Qf4 43. Qe2 Kg6 44. Qd3 Qf2 45. Qd1 Qg3 46. Qe2 Kg5 47.
Qd2+ Qf4 48. Qe2 f5 49. exf5 Kxf5 50. Qd3+ e4 51. Qd5+ Kg6 52. Qd4 Qe5 53. Qf2
Qg3 54. Qe2 f5 55. Kg1 e3 56. Kf1 Qe5 57. Qc2 Kg5 58. Ke2 Qf4 59. Ke1 Qh2 60.
Qd3 Qg1+ 61. Ke2 Qxg2+ 62. Kd1 Qd2+ 0-1

[Event "Sparkassen Open A 2013"]
[Site "Dortmund GER"]
[Date "2013.07.30"]
[Round "4.31"]
[White "Simon, Thomas"]
[Black "Krueger, Andre"]
[Result "0-1"]
[WhiteElo "1938"]
[BlackElo "2120"]
[WhiteFideId "24645990"]
[BlackFideId "4665040"]
[EventDate "2013.07.27"]

1. Nf3 Nf6 2. g3 b5 3. Bg2 Bb7 4. O-O e6 5. d3 c5 6. c4 b4 7. d4 cxd4 8. Nxd4
Bxg2 9. Kxg2 Be7 10. a3 Qc7 11. b3 Nc6 12. axb4 Nxb4 13. Ra4 d5 14. Ba3 dxc4 15.
Bxb4 Qb7+ 16. Nf3 Bxb4 17. bxc4 a5 18. Qc2 O-O 19. Nd2 Rfd8 20. Kg1 Qc7 21. Rfa1
Nd5 22. Qe4 Ne7 23. Qc2 Qd7 24. Nb3 Nc6 25. Ng5 f5 26. e4 h6 27. Nh3 Qd3 28.
Qxd3 Rxd3 29. Rb1 g5 30. exf5 exf5 31. f4 g4 32. Nf2 Rc3 33. c5 Re8 34. Ra2 Ree3
35. Nd2 Re2 36. Rbb2 Bxc5 37. Ne4 Rxb2 38. Rxb2 fxe4 0-1

[Event "Sparkassen Open A 2013"]
[Site "Dortmund GER"]
[Date "2013.07.30"]
[Round "4.33"]
[White "Businger, Paul"]
[Black "Grahl, Matthias"]
[Result "1/2-1/2"]
[WhiteElo "2073"]
[BlackElo "1935"]
[WhiteFideId "1306111"]
[BlackFideId "4692918"]
[EventDate "2013.07.27"]

1. e4 c5 2. Nf3 d6 3. d4 cxd4 4. Nxd4 Nf6 5. Nc3 a6 6. Be2 e5 7. Nb3 Be7 8. Be3
Be6 9. O-O Nbd7 10. f3 O-O 11. Qd2 b5 12. a3 Nb6 13. Rfd1 d5 14. exd5 Nbxd5 15.
Nxd5 Nxd5 16. Bf2 Re8 17. Bd3 Qc7 18. c3 f5 19. Bc2 Rad8 20. Qe1 Nb6 21. Nd4 Bc8
22. Bb3+ Nc4 23. Nc2 Kh8 24. Bxc4 bxc4 25. Rxd8 Rxd8 26. Rd1 Rxd1 27. Qxd1 Bb7
28. Ne3 f4 29. Nf1 g5 30. Qa4 Qc6 31. Qxc6 Bxc6 32. Nd2 Bd5 33. Ne4 Bxe4 34.
fxe4 Kg7 35. Bb6 g4 36. h3 h5 37. hxg4 hxg4 38. Kf2 Kg6 39. a4 Kf7 40. Bc7 Ke6
41. Bb6 Bd6 42. Ke2 Kd7 43. Ba7 Bc7 44. Kf1 Kc6 45. Ke2 Bd6 46. Ke1 Bc7 47. Ke2 1/2-1/2

[Event "Sparkassen Open A 2013"]
[Site "Dortmund GER"]
[Date "2013.07.30"]
[Round "4.34"]
[White "Scheck, Kyrill"]
[Black "Hassler, Rolf"]
[Result "1-0"]
[WhiteElo "2070"]
[BlackElo "1887"]
[WhiteFideId "1271861"]
[BlackFideId "4638255"]
[EventDate "2013.07.27"]

1. e4 e6 2. d4 d5 3. Nd2 dxe4 4. Nxe4 Be7 5. Bd3 Nf6 6. Nf3 Nbd7 7. Qe2 O-O 8.
Bg5 Nd5 9. c4 Nb4 10. Bb1 Bxg5 11. Nexg5 Nf6 12. O-O h6 13. Ne4 Nc6 14. Rd1 Nxe4
15. Qxe4 f5 16. Qe2 Qf6 17. Bc2 Bd7 18. Rd2 Rae8 19. Re1 a5 20. a3 Nb8 21. Ne5
Bc6 22. b4 b6 23. bxa5 bxa5 24. Rb1 Ba8 25. Rb5 Nc6 26. Nxc6 Bxc6 27. Rc5 Ba8
28. Rxa5 Rd8 29. Re5 Qg5 30. g3 Bf3 31. Qe1 Qg4 32. Bd1 Bxd1 33. Qxd1 Qxd1+ 34.
Rxd1 Kf7 35. Rc5 Rd7 36. d5 Rfd8 37. dxe6+ Kxe6 38. Re1+ Kf6 39. Ree5 g6 40.
Red5 Rxd5 41. cxd5 Kg5 42. h4+ Kg4 43. Kg2 Ra8 44. f3+ Kh5 45. Kh3 g5 46. g4+
fxg4+ 47. fxg4+ Kg6 48. Rc6+ Kf7 49. Rxc7+ Kf6 50. hxg5+ hxg5 51. Rc3 Ke5 52.
Rf3 Ke4 53. Kg3 Ra5 54. d6 Rd5 55. a4 Rxd6 56. a5 Rd1 57. Ra3 Rg1+ 58. Kf2 Rc1
59. a6 Rc8 60. Ke2 Kf4 1-0

[Event "Sparkassen Open A 2013"]
[Site "Dortmund GER"]
[Date "2013.07.30"]
[Round "4.35"]
[White "Begna, Bozidar"]
[Black "Rolf, Marco"]
[Result "1/2-1/2"]
[WhiteElo "2042"]
[BlackElo "1932"]
[WhiteFideId "4633555"]
[BlackFideId "24691143"]
[EventDate "2013.07.27"]

1. d3 e6 2. c4 d5 3. cxd5 exd5 4. e4 dxe4 5. dxe4 Qxd1+ 6. Kxd1 Be6 7. Be3 Nc6
8. Nd2 O-O-O 9. Kc1 Nf6 10. f3 Kb8 11. Nh3 Bxh3 12. gxh3 Nd7 13. Rg1 g5 14. Bc4
Nde5 15. Be2 Bg7 16. Nc4 Nd4 17. Bxd4 Rxd4 18. Nxe5 Bxe5 19. Kc2 Rhd8 20. Rgd1
Rxd1 21. Rxd1 Rxd1 22. Bxd1 Kc8 23. Be2 Kd7 24. Bc4 Ke7 25. b3 Bxh2 26. Kd3 f6
27. Ke3 g4 28. Bg8 h6 29. Bh7 b5 30. Bf5 Kd6 31. a4 bxa4 32. bxa4 Kc5 33. Kd3
Kb4 34. Bd7 c5 35. Kc2 Kc4 36. Be6+ Kb4 37. Bd7 Be5 38. Be8 a5 39. Bb5 c4 40.
Be8 c3 41. Bd7 Kc4 42. Be6+ Kd4 43. Bd7 Ke3 44. Bxg4 Kf4 45. Kd3 1/2-1/2

[Event "Sparkassen Open A 2013"]
[Site "Dortmund GER"]
[Date "2013.07.30"]
[Round "4.36"]
[White "Carrasco, Paul"]
[Black "Biermann, Florian"]
[Result "1/2-1/2"]
[WhiteElo "2034"]
[BlackElo "1807"]
[WhiteFideId "2008670"]
[BlackFideId "2812630"]
[EventDate "2013.07.27"]

1. d4 Nf6 2. c4 c5 3. d5 e5 4. Nc3 d6 5. e4 Be7 6. Bd3 Nbd7 7. Nf3 Nf8 8. O-O
Ng6 9. Ne1 h5 10. h3 h4 11. Be2 a6 12. a4 Nh7 13. Nd3 Bg5 14. Bh5 Qf6 15. Bg4
Bxc1 16. Rxc1 Nf4 17. Bxc8 Rxc8 18. Qg4 O-O 19. Nxf4 exf4 20. Rcd1 Qg5 21. Qxg5
Nxg5 22. f3 Nh7 23. Rfe1 Rfe8 24. Rd3 g5 25. a5 Rb8 26. Na4 f6 27. Rb3 Nf8 28.
Nb6 Re7 29. Kf2 Rbe8 30. Na4 Ng6 31. Rb6 Rd7 32. Rd1 Ne5 33. b3 Kf7 34. Nb2 Ng6
35. Nd3 Ne7 36. b4 Nc8 37. bxc5 Nxb6 38. cxb6 Rc8 39. Rc1 Re7 40. c5 dxc5 41.
Nxc5 Re5 42. Ke2 f5 43. Kd3 fxe4+ 44. fxe4 Re7 45. Kd4 Ke8 46. Rf1 Rxc5 47. Kxc5
Rxe4 48. Kd6 Kd8 49. Rc1 Ra4 50. Rc7 Rxa5 51. Rxb7 Kc8 52. Rg7 Ra2 53. Rxg5 Rb2
54. Ke5 Rxb6 55. Kxf4 Rb4+ 56. Ke5 a5 57. Ke6 a4 58. Rg4 Rb2 59. Rxh4 Rxg2 60.
Rxa4 Rh2 61. h4 1/2-1/2

[Event "Sparkassen Open A 2013"]
[Site "Dortmund GER"]
[Date "2013.07.30"]
[Round "4.37"]
[White "Stoer, Agnes"]
[Black "Dyballa, Gerhard"]
[Result "1/2-1/2"]
[WhiteElo "1869"]
[BlackElo "1970"]
[WhiteFideId "1270593"]
[BlackFideId "4645189"]
[EventDate "2013.07.27"]

1. Nf3 Nf6 2. b3 d5 3. Bb2 e6 4. g3 c5 5. Bg2 Nc6 6. O-O Bd6 7. d4 O-O 8. e3 b6
9. Nc3 Ba6 10. Re1 Rc8 11. e4 dxe4 12. Nxe4 Be7 13. dxc5 Nxe4 14. Rxe4 Bxc5 15.
Qe1 Qe7 16. Rg4 f6 17. a3 Bb7 18. Rh4 Nd8 19. Qd2 Nf7 20. Qd3 g6 21. b4 Rfd8 22.
Qe2 Bd6 23. Re1 e5 24. Nd4 Bxg2 25. Kxg2 Qb7+ 26. Qf3 Qxf3+ 27. Nxf3 g5 28. Rhe4
Rxc2 29. R4e2 Rdc8 30. h3 a5 31. bxa5 bxa5 32. Nh2 Nd8 33. Ng4 Kf7 34. Ne3 Rxe2
35. Rxe2 Ke6 36. Rd2 f5 37. Nxf5 Kxf5 38. Rxd6 Ne6 39. g4+ Kf6 40. Ra6 Rc2 41.
Rb6 Rc4 1/2-1/2

[Event "Sparkassen Open A 2013"]
[Site "Dortmund GER"]
[Date "2013.07.30"]
[Round "4.40"]
[White "Oberste, Norbert"]
[Black "Algars, Olle"]
[Result "0-1"]
[WhiteElo "1778"]
[BlackElo "2090"]
[WhiteFideId "24608432"]
[BlackFideId "1702513"]
[EventDate "2013.07.27"]

1. f4 Nf6 2. e3 d5 3. Nf3 Bf5 4. d4 e6 5. Bd3 Bd6 6. O-O O-O 7. Nbd2 Nbd7 8. Ne5
Bxd3 9. cxd3 c5 10. Nxd7 Nxd7 11. dxc5 Nxc5 12. Nb3 Nxb3 13. Qxb3 Qd7 14. Bd2
Bc5 15. Kh1 Rfc8 16. Rad1 Rc6 17. e4 Rb6 18. Qc2 Rc8 19. Qb1 Ba3 20. b3 Rb5 21.
Bc1 Bb4 22. Bb2 d4 23. Qa1 Bc3 24. Qb1 Rbc5 25. Ba3 Ra5 26. Bc1 f6 27. Qc2 Rac5
28. Qe2 Bb4 29. a3 Rc2 30. Qf3 Be7 31. b4 R8c3 32. g4 Qc6 33. Bd2 Rxa3 34. Rc1
Raa2 35. Rxc2 Qxc2 36. Rf2 Bxb4 37. Be3 Ra1+ 38. Kg2 Qc5 39. Bd2 Bxd2 40. Rxd2
Qc1 41. Qf2 h6 42. Rc2 Qd1 43. Rc8+ Kh7 44. Qf3 Qh1+ 0-1

[Event "Sparkassen Open A 2013"]
[Site "Dortmund GER"]
[Date "2013.07.30"]
[Round "4.41"]
[White "Deinert, Wolfgang"]
[Black "Morgenroth, Hubertus"]
[Result "1/2-1/2"]
[WhiteElo "1778"]
[BlackElo "1857"]
[WhiteFideId "4685229"]
[BlackFideId "12922269"]
[EventDate "2013.07.27"]

1. e4 e5 2. Nf3 d6 3. d4 exd4 4. Nxd4 Nf6 5. Nc3 Be7 6. Be2 O-O 7. Be3 Nc6 8.
Nxc6 bxc6 9. O-O Re8 10. Qd2 Ng4 11. Rfd1 Nxe3 12. Qxe3 Bf6 13. Rab1 Bf5 14. Bf3
Qd7 15. Qf4 Bg6 16. Ne2 Rab8 17. b4 Be5 18. Qh4 Qe6 19. Nf4 Qxa2 20. Nxg6 hxg6
21. Bg4 Qxc2 22. Bd7 Bf6 23. Qh3 Rxe4 24. Rbc1 Qe2 25. Bxc6 Re7 26. b5 Bd4 27.
Rf1 Qe5 28. Qh4 Bc5 29. Ra1 d5 30. Rac1 d4 31. Qh3 Bb6 32. Qd3 Qe2 33. Qb3 Rd8
34. Bf3 Qe5 35. Qd3 Qf4 36. Qa3 Red7 37. h3 Rd6 38. Qb3 d3 39. Bg4 Qg5 40. Rfd1
Qf4 41. Bf3 d2 42. Rc4 Qf6 43. Qb4 Rd4 44. Rxd4 Qxd4 45. Qxd4 Rxd4 46. Kf1 Ba5
47. Ke2 Rd7 48. Bc6 Re7+ 49. Kd3 Re1 50. Bf3 Rxd1 51. Bxd1 Kf8 52. Kc4 Ke7 53.
Kd5 Kd7 54. f3 Ke7 55. f4 Kf6 56. g4 g5 57. f5 g6 58. fxg6 Kxg6 59. Bc2+ Kf6 60.
Bd1 Ke7 61. Ke4 f6 62. Kd5 Kd7 63. Bc2 1/2-1/2

[Event "Sparkassen Open A 2013"]
[Site "Dortmund GER"]
[Date "2013.07.31"]
[Round "5.1"]
[White "Kotainy, Jens"]
[Black "Heinert, Eugen"]
[Result "1-0"]
[WhiteTitle "IM"]
[WhiteElo "2459"]
[BlackElo "2129"]
[WhiteFideId "24670499"]
[BlackFideId "24621390"]
[EventDate "2013.07.27"]

1. e4 e6 2. d4 d5 3. Nc3 Bb4 4. e5 c5 5. a3 cxd4 6. axb4 dxc3 7. Qg4 cxb2 8.
Bxb2 Qe7 9. Nf3 f5 10. Qf4 Qc7 11. Nd4 Bd7 12. Qg3 g6 13. b5 Ne7 14. Bd3 O-O 15.
O-O Qb6 16. Qh4 Rf7 17. Nf3 Bxb5 18. Ng5 Bxd3 19. Nxf7 Kxf7 20. Bd4 Qxd4 21.
Qxd4 Bxf1 22. Rxf1 Nbc6 23. Qh4 Nxe5 24. f4 Nc4 25. Qxh7+ Kf6 26. h3 Rg8 27. g4
Rg7 28. Qh8 Kf7 29. g5 Ng8 30. Re1 a5 31. h4 a4 32. h5 gxh5 33. Qxh5+ Ke7 34.
Qh8 Kf8 35. Rxe6 a3 36. Rf6+ Rf7 37. Rxf7+ Kxf7 38. Qh7+ Kf8 39. g6 1-0